000 02178nam a2200385 i 4500
001 196222
003 ES-MaACL
005 20250824052019.0
008 240818s2021 sp | |||| 000 d spa
015 _aMON21
017 _aM 5294-2021
_bOficina Depósito Legal Madrid
020 _a9788412301656
035 _a(SpMaBN)a7094642
035 _a991042169779708606
040 _aSpMaBN
_bspa
_cSpMaBN
_erda
080 _a821.134.2-2"19"
100 1 _aLucía Megías, José Manuel,
_d1967-
_eaut
_9240291
245 1 0 _aSoy Catalina de Salazar, mujer de Miguel de Cervantes /
_cJosé Manuel Lucía Mecías.
264 1 _aBarcelona :
_bEdiciones Huso, y Cumbres,
_c[2021].
264 4 _c©2021
300 _a64 páginas :
_c16 cm.
336 _aTexto
_2rdacontent
337 _asin mediación
_2rdamedia
338 _avolumen
_2rdacarrier
490 1 _aPalabras hilanderas ;
_v[5]
520 _a¿Y si Catalina de Salazar contara su vida con independencia, si nos dijera qué significó el encuentro con Miguel de Cervantes, el tiempo cómplice que compartieron, sus ausencias biográficas, sus éxitos literarios? ¿Y si además de ser la mujer de Cervantes se nos presentara «en primera persona», independiente, con sus dudas y con su universo personal? ¿Y si nos acercáramos a ella desde su propia luz y no desde la sombra? ¿Y si sus palabras estuvieran en documentos históricos y literarios? ¿Y si los espacios, las ciudades, las casas habitadas por Catalina de Salazar tuvieran palabras que eran suyas? El teatro convoca la memoria y la hace presencia, por eso este libro ha nacido como un monólogo teatral.
655 0 _aMonólogos (Teatro)
_9238524
830 _9239845
_aPalabras hilanderas ;
_v[5]
852 _aES-MaACL
_bR.154492
_cDEPOJ
_jN-9299
_gDedicatoria autógrafa del autor
_hDonación: José Manuel Lucía Megías
_xEncuadernación rústica con solapas
_9205361
903 _aLucía Megías, José Manuel,
_ednr
942 _cMONOGRAFIA
_n0
999 _c196222
_d196222